Cartas del cielo = (Record no. 23924)

MARC details
000 -LEADER
fixed length control field 02029cam a2200505 i 4500
001 - CONTROL NUMBER
control field 876668744
003 - CONTROL NUMBER IDENTIFIER
control field OCoLC
005 - DATE AND TIME OF LATEST TRANSACTION
control field 20200219205448.0
008 - FIXED-LENGTH DATA ELEMENTS--GENERAL INFORMATION
fixed length control field 140707s2014 txua c 000 1 eng
010 ## - LIBRARY OF CONGRESS CONTROL NUMBER
LC control number 2014022875
020 ## - INTERNATIONAL STANDARD BOOK NUMBER
International Standard Book Number 9781558857988 (alk. paper)
020 ## - INTERNATIONAL STANDARD BOOK NUMBER
International Standard Book Number 1558857982 (alk. paper)
035 ## - SYSTEM CONTROL NUMBER
System control number (OCoLC)876668744
040 ## - CATALOGING SOURCE
Original cataloging agency DLC
Language of cataloging eng
Description conventions rda
Transcribing agency DLC
Modifying agency IG#
-- BTCTA
-- OI6
-- OCP
-- SAP
-- YDXCP
-- OCLCO
-- WAU
-- OCLCO
-- OCLCF
-- OCLCO
041 1# - LANGUAGE CODE
Language code of text/sound track or separate title spa
-- eng
042 ## - AUTHENTICATION CODE
Authentication code pcc
-- lcac
090 ## - LOCALLY ASSIGNED LC-TYPE CALL NUMBER (OCLC); LOCAL CALL NUMBER (OCLC)
Classification number (OCLC) (R) ; Classification number, CALL (RLIN) (NR) LT4730.G4828
Local cutter number (OCLC) ; Book number/undivided call number, CALL (RLIN) L48 2014
100 1# - MAIN ENTRY--PERSONAL NAME
Personal name Gil, L. M.
Fuller form of name (Lydia M.),
Dates associated with a name 1970-
Relator term author.
245 10 - TITLE STATEMENT
Title Cartas del cielo =
Remainder of title Letters from heaven /
Statement of responsibility, etc. Lydia Gil.
246 31 - VARYING FORM OF TITLE
Title proper/short title Letters from heaven
260 ## - PUBLICATION, DISTRIBUTION, ETC. (IMPRINT)
Place of publication, distribution, etc. Houston, Texas :
Name of publisher, distributor, etc. Pinata Books, Arte Publico Press,
Date of publication, distribution, etc. [2014]
264 #1 - PRODUCTION, PUBLICATION, DISTRIBUTION, MANUFACTURE, AND COPYRIGHT NOTICE
Place of production, publication, distribution, manufacture Houston, Texas :
Name of producer, publisher, distributor, manufacturer Pinata Books, Arte Publico Press,
Date of production, publication, distribution, manufacture, or copyright notice [2014]
300 ## - PHYSICAL DESCRIPTION
Extent 58, 58 pages :
Other physical details illustrations ;
Dimensions 22 cm.
336 ## - CONTENT TYPE
Content type term text
Content type code txt
Source rdacontent.
337 ## - MEDIA TYPE
Media type term unmediated
Media type code n
Source rdamedia.
338 ## - CARRIER TYPE
Carrier type term volume
Carrier type code nc
Source rdacarrier.
520 ## - SUMMARY, ETC.
Summary, etc. Celeste is heartbroken when her grandmother dies, but when letters and recipes begin to arrive with her grandmother's advice and recipes, Celeste finds consolation in preparing the dishes for herself, her mother, and their friends. Includes six traditional Cuban recipes.
546 ## - LANGUAGE NOTE
Language note Text in English and Spanish, bound together, back-to-back and inverted.
650 #0 - SUBJECT ADDED ENTRY--TOPICAL TERM
Topical term or geographic name as entry element Grief
Form subdivision Juvenile fiction.
650 #0 - SUBJECT ADDED ENTRY--TOPICAL TERM
Topical term or geographic name as entry element Grandmothers
Form subdivision Juvenile fiction.
650 #0 - SUBJECT ADDED ENTRY--TOPICAL TERM
Topical term or geographic name as entry element Cooking
Form subdivision Juvenile fiction.
650 #0 - SUBJECT ADDED ENTRY--TOPICAL TERM
Topical term or geographic name as entry element Cuban Americans
Form subdivision Juvenile fiction.
650 #0 - SUBJECT ADDED ENTRY--TOPICAL TERM
Topical term or geographic name as entry element Letters
Form subdivision Juvenile fiction.
650 #1 - SUBJECT ADDED ENTRY--TOPICAL TERM
Topical term or geographic name as entry element Grief
Form subdivision Fiction.
650 #1 - SUBJECT ADDED ENTRY--TOPICAL TERM
Topical term or geographic name as entry element Grandmothers
Form subdivision Fiction.
650 #1 - SUBJECT ADDED ENTRY--TOPICAL TERM
Topical term or geographic name as entry element Cooking
Form subdivision Fiction.
650 #1 - SUBJECT ADDED ENTRY--TOPICAL TERM
Topical term or geographic name as entry element Cuban Americans
Form subdivision Fiction.
650 #1 - SUBJECT ADDED ENTRY--TOPICAL TERM
Topical term or geographic name as entry element Letters
Form subdivision Fiction.
650 #1 - SUBJECT ADDED ENTRY--TOPICAL TERM
Topical term or geographic name as entry element Spanish language materials
General subdivision Bilingual.
650 #1 - SUBJECT ADDED ENTRY--TOPICAL TERM
Topical term or geographic name as entry element Upside-down books.
655 #7 - INDEX TERM--GENRE/FORM
Genre/form data or focus term Fiction.
Source of term lcgft.
655 #7 - INDEX TERM--GENRE/FORM
Genre/form data or focus term Upside-down books.
Source of term lcgft.
655 #7 - INDEX TERM--GENRE/FORM
Genre/form data or focus term Specimens.
Source of term fast
Authority record control number (OCoLC)fst01423861.
942 ## - ADDED ENTRY ELEMENTS (KOHA)
Koha item type Libro/Book
Source of classification or shelving scheme Dewey Decimal Classification
Holdings
Withdrawn status Lost status Damaged status Not for loan Home library Current library Date acquired Total Checkouts Barcode Date last seen Date checked out Price effective from Koha item type Checked out
        San Juan Del Sur -- Mobile Azul y Blanco -- Satellite 07/02/2020 2 33010862 12/03/2021 12/03/2021 07/02/2020 Libro/Book 16/04/2021
        La Puerta Biblioteca -- Satellite La Puerta Biblioteca -- Satellite 09/04/2018 7 40301611 03/08/2024 08/09/2022 09/04/2018 Libro/Book  

Powered by Koha